00254nam a22000977a 4500082000800000100000900008245008100017250002600098260002400124300000800148 aSID aSIDA aRegienal master plan for the left book of river Indus dalta and coastal zone a diferent vol 1 to 10 aKarachibSIDAc2013 a589